00321nam a2200109 a 450000500170000000800410001705000180005810000210007624500650009726000430016244000060020520140414131856.0100828s19uu xx 00 eng d aFILbR82 2009 aCarcamo, Ronaldo aAng mga tsismis sa Baryo Silid :bThe rumors in Baryo Silid. aManila, Philippines :bLampara,c2009. a